|
|
แสดงรายละเอียดบรรณานุกรม |
|
|
Brief Record
: Get Marc (ISO 2709)
: E-mail record
: |
|
|
| LEADER 00000nama 2200000uu 4500 | |||
| 001 193771 | |||
| 003 ULIBM | |||
| 008 040531s|||| th m m a000 0 tha d | |||
| 020 9741334532 | |||
| 041 tha | |||
| 050 WI141 ร111 ล.2 2548 | |||
| 100 สุเทพ กลชาญวิทย์, บรรณาธิการ. | |||
| 245 โรคทางเดินอาหารและการรักษา 2/บรรณาธิการโดย สุเทพ กลชาญวิทย์ และคณะ. | |||
| 260 2548. กรุงเทพฯ โรงพิมพ์แห่งจุฬาลงกรณ์มหาวิทยาลัย. | |||
| 300 267 หน้า. | |||
| 600 จุฬาลงกรณ์มหาวิทยาลัย, คณะแพทยศาสตร์. | |||
| 650 1.โรคทางเดินอาหาร 2.ระบบกระเพราะอาหารและลำไส้--โรค 3.กระเพาะอาการและลำไส้,โรค--การรักษา. | |||
| 995 001 | |||
| คุณยังไม่ได้ล็อกอิน คุณสามารถมีกิจกรรมร่วมกับเว็บไซต์ได้ แต่ต้องล็อกอินก่อน :: |
|
| สถานะ | |||||||||
| 1. | หนังสือทั่วไป | WI141 ร111 ล.2 2548 | On Shelf ขอยืม | ||||||
| 2. | หนังสือทั่วไป สถานะ=หนังสือเก่า - บริการ ณ ห้องสมุด (ห้องเหลือง) | WI141 ร111 ล.2 2548 ฉ.2 | On Shelf ขอยืม | ||||||
| 3. | หนังสือทั่วไป สถานะ=หนังสือเก่า - บริการ ณ ห้องสมุด (ห้องเหลือง) | WI141 ร111 ล.2 2548 ฉ.3 | On Shelf ขอยืม | ||||||
| 4. | หนังสือทั่วไป | WI141 ร111 ล.2 2548 ฉ.4 | On Shelf ขอยืม | ||||||
| 5. | หนังสือทั่วไป | WI141 ร111 ล.2 2548 ฉ.5 | On Shelf ขอยืม | ||||||
| [แสดง 5/5 รายการ] | |||||||||
BibComment |
| คอมเมนท์ทรัพยากรรายการนี้ |
|
|